Từ điển chính tả tiếng Việt
محفوظ في:
| المؤلف الرئيسي: | |
|---|---|
| التنسيق: | كتاب |
| اللغة: | Undetermined |
| منشور في: |
Hà Nội
Thanh niên
2006
|
| الموضوعات: | |
| الوسوم: |
إضافة وسم
لا توجد وسوم, كن أول من يضع وسما على هذه التسجيلة!
|
| Thư viện lưu trữ: | Trung tâm Học liệu Trường Đại học Cần Thơ |
|---|
| LEADER | 00595nam a2200205Ia 4500 | ||
|---|---|---|---|
| 001 | CTU_112448 | ||
| 008 | 210402s9999 xx 000 0 und d | ||
| 020 | |c 55000 | ||
| 082 | |a 495.9223 | ||
| 082 | |b Y600 | ||
| 100 | |a Nguyễn, Như Ý | ||
| 245 | 0 | |a Từ điển chính tả tiếng Việt | |
| 245 | 0 | |c Nguyễn Như Ý, Đỗ Việt Hùng | |
| 260 | |a Hà Nội | ||
| 260 | |b Thanh niên | ||
| 260 | |c 2006 | ||
| 650 | |a Vietnamese language | ||
| 650 | |x Orthography and spelling | ||
| 904 | |i Minh | ||
| 980 | |a Trung tâm Học liệu Trường Đại học Cần Thơ | ||